<?xml version="1.0" encoding="UTF-8"?>
<record
    xmlns:xsi="http://www.w3.org/2001/XMLSchema-instance"
    xsi:schemaLocation="http://www.loc.gov/MARC21/slim http://www.loc.gov/standards/marcxml/schema/MARC21slim.xsd"
    xmlns="http://www.loc.gov/MARC21/slim">

  <leader>00723nam a2200217 a 4500</leader>
  <controlfield tag="001">BRCA_4799</controlfield>
  <controlfield tag="005">20190320204818.0</controlfield>
  <controlfield tag="008">111010c1944----sz-af#####---#000-0#fre-#</controlfield>
  <datafield tag="041" ind1=" " ind2=" ">
    <subfield code="a">fre</subfield>
  </datafield>
  <datafield tag="044" ind1=" " ind2=" ">
    <subfield code="a">sz</subfield>
  </datafield>
  <datafield tag="050" ind1=" " ind2="4">
    <subfield code="a">ND665</subfield>
    <subfield code="b">.B39 1944</subfield>
  </datafield>
  <datafield tag="100" ind1="1" ind2=" ">
    <subfield code="a">Bazin, Germain Ren&#xE9; Michel</subfield>
    <subfield code="d">1901-1990</subfield>
    <subfield code="9">9325</subfield>
  </datafield>
  <datafield tag="245" ind1="1" ind2="0">
    <subfield code="a">L&#xB4;&#xE9;cole provencale</subfield>
    <subfield code="b">si&#xE9;cles XIV, XV</subfield>
    <subfield code="c">Texte de Germain Bazin.</subfield>
  </datafield>
  <datafield tag="260" ind1=" " ind2=" ">
    <subfield code="a">Suiza</subfield>
    <subfield code="b">Skira</subfield>
    <subfield code="c">1944</subfield>
  </datafield>
  <datafield tag="300" ind1=" " ind2=" ">
    <subfield code="a">1 v. (sin paginaci&#xF3;n)</subfield>
    <subfield code="b">il., 7 l&#xE1;minas a color</subfield>
    <subfield code="c">40 cm.</subfield>
  </datafield>
  <datafield tag="440" ind1=" " ind2="0">
    <subfield code="a">Les tr&#xE9;sors de la peinture francaise</subfield>
    <subfield code="9">12155</subfield>
  </datafield>
  <datafield tag="600" ind1="1" ind2="4">
    <subfield code="a">Bazin, Germain Ren&#xE9; Michel</subfield>
    <subfield code="d">1901-1990</subfield>
    <subfield code="9">9325</subfield>
  </datafield>
  <datafield tag="650" ind1="1" ind2="4">
    <subfield code="a">Pintura flamenca</subfield>
    <subfield code="v">Cat&#xE1;logos</subfield>
    <subfield code="9">12156</subfield>
  </datafield>
  <datafield tag="651" ind1=" " ind2="4">
    <subfield code="a">Suiza</subfield>
    <subfield code="v">Exposiciones</subfield>
    <subfield code="x">Arte</subfield>
    <subfield code="9">12157</subfield>
  </datafield>
  <datafield tag="942" ind1=" " ind2=" ">
    <subfield code="2">lcc</subfield>
    <subfield code="c">B</subfield>
  </datafield>
  <datafield tag="999" ind1=" " ind2=" ">
    <subfield code="c">4496</subfield>
    <subfield code="d">4496</subfield>
  </datafield>
  <datafield tag="952" ind1=" " ind2=" ">
    <subfield code="0">0</subfield>
    <subfield code="1">0</subfield>
    <subfield code="4">0</subfield>
    <subfield code="7">0</subfield>
    <subfield code="a">BRCA</subfield>
    <subfield code="b">BRCA</subfield>
    <subfield code="d">2010-10-11</subfield>
    <subfield code="l">0</subfield>
    <subfield code="o">ND665 .B39 1944</subfield>
    <subfield code="p">00647</subfield>
    <subfield code="r">2019-03-22 00:00:00</subfield>
    <subfield code="w">2019-03-22</subfield>
    <subfield code="y">B</subfield>
  </datafield>
</record>
